[Event "EU-Cup 18th"]
[Site "Kallithea"]
[Date "2002.09.22"]
[Round "1.2"]
[White "Karttunen, Mika"]
[Black "Volokitin, Andrei"]
[Result "1/2-1/2"]
[WhiteElo "2434"]
[BlackElo "2545"]
[Annotator "Finkel,A"]
[PlyCount "130"]
[EventDate "2002.09.22"]
[EventType "team-swiss"]
[EventRounds "7"]
[EventCountry "GRE"]
[SourceTitle "CBM 092"]
[Source "ChessBase"]
[SourceDate "2003.02.06"]
[SourceVersion "1"]
[SourceVersionDate "2003.02.06"]
[SourceQuality "1"]
[WhiteTeam "Joensuu"]
[BlackTeam "Karpaty"]
[WhiteTeamCountry "FIN"]
[BlackTeamCountry "UKR"]

1. d4 Nf6 2. Bg5 Ne4 3. Bf4 c5 4. f3 Qa5+ 5. c3 Nf6 6. Nd2 $5 cxd4 7. Nb3 Qb6 (
7... Qd8 $5 8. cxd4 d5 9. Rc1 Nc6 10. e3 e6 11. Bd3 (11. Bb5 $5 $14) 11... Bb4+
12. Kf2 O-O 13. Ne2 Re8 14. Bb5 Qb6 15. Bxc6 bxc6 16. Qc2 Ba6 17. Qxc6 Bc4 18.
Qa4 a5 19. Nc3 Nh5 20. Bg3 Nxg3 21. hxg3 e5 $1 $40 {Vegh,E-Acs,P/Budapest FS02
GM/1998/}) 8. Qxd4 Nc6 (8... Qxd4 9. cxd4 d5 10. e3 e6 11. g4 $14 {[%csl Gf3,
Gg4,Gh4] ()>>,Salov,V-Akopian,V/Wijk m (2)/1993/}) 9. Qxb6 axb6 10. Nd4 {
The most ambitious.} (10. a3 {Very similar to the game is} d5 (10... e5 $5 11.
Be3 d5 12. Bxb6 d4 13. cxd4 Be6 14. d5 (14. Nc5 $143 Nd5 $1 15. Nxe6 fxe6 16.
Bc5 Nxd4 17. Bxd4 exd4 18. Rc1 Bd6 $36 {Kovacevic,V-Smirin,I/Zagreb zt/1993}) (
14. dxe5 $2 Nd7 $19) 14... Nxd5 15. Bc5 Be7 16. Kf2 f5 17. Bxe7 Kxe7 18. Nc5 f4
19. g3 Bf7 20. h4 b6 21. Nd3 Bg6 22. gxf4 Bxd3 23. exd3 Nxf4 $44 {Lesiege,
A-Shaked,T/Mermaid Beach Club/1997/}) 11. Nd4 e5 $5 12. Nxc6 exf4 13. Nd4 Bd6
14. Kf2 O-O 15. e3 fxe3+ 16. Kxe3 Nd7 17. Bb5 Ne5 18. Kd2 Nc4+ 19. Kc1 g6 20.
Nge2 h5 21. g3 Kg7 22. a4 Be5 23. Kc2 Nd6 24. Bd3 Bd7 25. b3 Rfe8 26. Kd2 Ra5
27. Rhd1 h4 28. Rh1 Rh8 $132 {Giorgadze,T-Dorfman,J/URS-ch sf/1984/}) (10. e4
d5 $10) (10. Be3 b5 11. Nd4 b4 12. Nb5 Ra4 13. Nc7+ Kd8 14. Bb6 bxc3 15. Ne6+ {
1/2,Milov,V-Smirin,I/Struga zt/1995/}) 10... e5 {The most active and
principled continuation. Black takes into account his horrible pawn structure,
which he tries to compensate by the active piece play} (10... Nd5 $2 11. Nb5 $1
Ra4 12. Bd2 Na5 13. O-O-O d6 14. e4 Nf6 15. Kb1 Nc4 16. Bc1 $14 {[%csl Rb6]
Rausis,I-Ivanov,V/Riga/1993}) (10... Nxd4 11. cxd4 e6 12. e4 d5 13. e5 Nd7 14.
Bd2 Nb8 15. Bd3 Nc6 16. Ne2 Bd7 17. O-O $14 {Knaak,R-Volke,K/BL 9798}) 11. Nxc6
dxc6 (11... exf4 12. Nd4 Nd5 (12... Bc5 13. g3 Nd5 14. gxf4 Ne3 15. Kd2 Nxf1+
16. Rxf1 Rxa2 17. Kc2 d6 18. e3 Bd7 $13 {Berkes,F-Flumbort,A/Hungary 1997}) (
12... d5 13. e3 (13. g3 Bd6 14. Nb5 Bb8 15. gxf4 Bxf4 16. e3 Bb8 17. Ne2 g5 $15
{Profit,B-Littke,A/CAN-op/1994}) 13... fxe3 14. Ke2 Bd6 15. Kxe3 O-O 16. Kf2
Bd7 17. Bd3 Bc6 18. Nge2 Nd7 19. a3 Ne5 $11 {Rogers,I-Ftacnik,L/Znojmo 1999}) (
12... g6 13. Nh3 $6 {[%csl Rh3]} Bd6 14. Nb5 Be5 15. e3 fxe3 16. Ke2 O-O 17.
Kxe3 Re8 18. Kd2 d5 $13 {Miles,A-Olafsson,H/Reykjavik 1998}) 13. g3 g5 14. e4
Ne3 15. Bb5 Bg7 16. Nge2 $14 {Soffer,R-Mikhalevski,V/Tel Aviv 1994}) 12. Bxe5
Be6 13. a3 b5 14. e4 b4 15. cxb4 Bxb4+ 16. Ke2 (16. Kf2 Bc5+ 17. Ke1 Bb4+ 18.
Ke2 Ba5 19. Nh3 Bb3 20. Nf4 O-O-O 21. Bc3 Bb6 22. Ke1 Rhe8 $44 {Miles,A-Hebden,
M/Millfield 2000}) 16... O-O $6 {This natural move proves to be too slow and
white manages to complete development of the pieces. More logical for black is
to castle queenside as was played in Miles-Hebden.} 17. Rc1 Ba5 18. Bc3 Bb6 19.
Kd2 {King is heading for c2.} Nd7 (19... Bb3 20. Bxf6 gxf6 21. Bc4 Rfd8+ 22.
Ke2 Bxc4+ 23. Rxc4 Rd7 24. Nh3 $14) 20. Ne2 Rfd8 21. Kc2 Be3 22. Rd1 (22. Re1
$5 Nc5 23. Nc1 $16) 22... Nc5 23. Nd4 Na4 24. Be2 Nxc3 25. Kxc3 Bg5 26. Nxe6 {
Deserved attention} (26. Kc2 Bf6 27. Nxe6 fxe6 28. f4) 26... fxe6 27. Bc4 Bf6+
28. Kc2 Kf7 29. f4 b5 30. Be2 (30. Ba2 c5 31. e5 Be7 32. Bb1 Rxd1 $6 33. Rxd1
Rd8 34. Rxd8 Bxd8 35. b3 $16 {[%cal Ga3a4]}) 30... Bd4 31. e5 Ke7 32. Rd3 Rab8
33. Rhd1 c5 34. Rh3 ({Nothing promised} 34. b4 Rbc8 35. bxc5 Bxc5 36. Rxd8 Rxd8
37. Rxd8 Kxd8 38. Kb3 Bg1 39. h3 Bh2 $11 {and black manages to hold on
destroying white pawns in the center.}) 34... b4 $6 35. a4 h6 36. Bc4 Rf8 37.
Rf1 Rf7 38. g4 (38. a5) 38... Rff8 39. b3 Ra8 40. Rh5 $6 (40. Rhf3 {[%cal
Gf4f5]}) 40... Rad8 41. Rh3 (41. g5 Rh8 (41... Bc3 42. gxh6 Rd2+ 43. Kc1 gxh6
44. Rxh6 $18) 42. gxh6 Rxh6 43. Rxh6 gxh6 44. Rf3 Rf8 $14 {[%cal Gf8f3]}) 41...
Bc3 42. Rd3 Rxd3 43. Bxd3 g5 $11 {After rook disappear from the board a draw
agreement could be signed, but white decided to play on for a while...} 44.
fxg5 (44. f5 exf5 45. Bxf5 Bxe5 $11) 44... Rxf1 45. Bxf1 hxg5 46. a5 Kd7 47.
Bg2 Kc7 48. Kd3 Bxe5 49. h4 (49. h3 Bd4 50. Bf1 Kb7 51. Ke4 Bc3 52. Bc4 Bb2 53.
Bxe6 Ka6 54. Kf5 Bc1 $11) 49... gxh4 50. g5 Kb8 51. Ke4 Bc3 52. Kf4 (52. Bh3 c4
53. Bxe6 cxb3 54. Bxb3 Ka7 55. Bc4 b3 $11) 52... Ka7 53. Bf1 Bd2+ 54. Kg4 h3
55. Bxh3 c4 56. g6 Bc3 57. bxc4 b3 58. Bf1 b2 59. Bd3 Ka6 60. c5+ Kxa5 61. Kf3
b1=Q 62. Bxb1 Kb5 63. Ke4 Kxc5 64. g7 Bxg7 65. Ba2 Kd6 1/2-1/2

[Event "Leon"]
[Site "Leon"]
[Date "1994.??.??"]
[Round "8"]
[White "Romero Holmes, Alfonso"]
[Black "Sion Castro, Marcelino"]
[Result "0-1"]
[WhiteElo "2455"]
[BlackElo "2380"]
[Annotator "Franco"]
[PlyCount "110"]
[EventDate "1994.05.??"]
[EventType "tourn"]
[EventRounds "9"]
[EventCountry "ESP"]
[EventCategory "12"]
[SourceTitle "CBM 042"]
[Source "ChessBase"]
[SourceDate "1994.10.01"]
[SourceVersion "1"]
[SourceVersionDate "1994.10.01"]
[SourceQuality "1"]

1. d4 Nf6 2. Bg5 Ne4 3. Bf4 d5 4. Nd2 Bf5 5. e3 e6 6. Bd3 Bd6 7. Bxe4 dxe4 8.
Ne2 Nc6 9. Bxd6 cxd6 10. c4 O-O 11. Nc3 $2 (11. O-O $1) 11... Qg5 12. g3 (12.
Kf1 $5) 12... Nb4 $1 13. O-O Qg6 14. f3 Bh3 15. Rf2 Nd3 16. Re2 (16. Ndxe4 $5
Nxf2 17. Nxf2 $5 $15) 16... Nxb2 17. Qb3 exf3 18. Nxf3 Nxc4 19. Nh4 Qh5 $2 (
19... Qg4 $1 20. Qxc4 Rac8 {/\ 21...Rc3}) 20. Qxc4 Rac8 21. Qb5 $1 g5 22. Rc2
a6 23. Qa5 (23. Qxb7 $6 gxh4 $1 (23... Rb8 24. Qxa6 gxh4 25. Qxd6) 24. Ne4 Qf3
$2 (24... Qb5 $1 $36) 25. Nf6+ Qxf6 26. Rxc8 Rxc8 27. Qxc8+ Kg7 28. Qc2 $14)
23... b6 24. Qxb6 gxh4 25. Qxd6 hxg3 26. hxg3 Bf5 27. e4 Bg6 28. Qf4 Qa5 29.
Rac1 Rc4 30. Ne2 Rxc2 31. Rxc2 Qe1+ 32. Kh2 Qb1 33. Qd2 Bxe4 34. Rc1 Qb5 35.
Rc5 Qd3 36. Qxd3 Bxd3 37. Nf4 Bb5 38. d5 Rd8 39. dxe6 Rd2+ 40. Kh3 fxe6 41. Kh4
Kf7 42. Kg5 Ke7 43. Re5 Bd7 44. Ra5 $2 (44. a3 $17) 44... Bb5 45. a4 Ra2 46.
Kh6 Rxa4 47. Rxa4 Bxa4 48. Kxh7 Kf6 49. Kh6 Kf5 50. Nd3 Bb5 51. Nc5 e5 52. Kh5
e4 53. g4+ Kf4 54. g5 e3 55. g6 Bc4 0-1

[Event "Copenhagen Open-02 (Politiken Cup-01)"]
[Site "Copenhagen"]
[Date "1980.06.23"]
[Round "1"]
[White "Wicker, Kevin J"]
[Black "Smyslov, Vassily V"]
[Result "0-1"]
[WhiteElo "2340"]
[BlackElo "2550"]
[Annotator "Ftacnik,L"]
[PlyCount "60"]
[EventDate "1980.06.23"]
[EventType "swiss"]
[EventRounds "10"]
[EventCountry "DEN"]
[SourceTitle "EXT 2000"]
[Source "ChessBase"]
[SourceDate "1999.11.16"]
[SourceVersion "1"]
[SourceVersionDate "1999.11.16"]
[SourceQuality "1"]

1. d4 Nf6 2. Bg5 $5 g6 3. Bxf6 exf6 4. e3 f5 5. h4 d5 6. Ne2 (6. h5) 6... Nd7
7. Nf4 c6 8. Nd2 Nf6 9. c3 Bd6 10. g3 Qe7 11. Be2 O-O 12. Kf1 Re8 13. Kg2 Ng4
$1 {/\ Nxf2, Qxe3} 14. Nf1 b6 15. b4 a5 16. b5 $2 Bxf4 $1 17. gxf4 cxb5 18.
Bxb5 Bd7 19. Be2 Rac8 20. Rc1 $2 Qa3 $1 21. Qd2 Rc7 22. Ng3 Rec8 23. Ba6 Rb8
24. Bd3 Nf6 25. f3 Ne8 $1 26. h5 Nd6 27. hxg6 fxg6 28. Rh2 Bb5 29. Bb1 Rbc8 30.
Rch1 Re7 $1 (30... Nc4 $142) 0-1

[Event "Leon"]
[Site "Leon"]
[Date "1995.??.??"]
[Round "9"]
[White "Adams, Michael"]
[Black "De la Villa Garcia, Jesus Maria"]
[Result "1-0"]
[WhiteElo "2655"]
[BlackElo "2490"]
[Annotator "Ftacnik,L"]
[PlyCount "83"]
[EventDate "1995.05.??"]
[EventType "tourn"]
[EventRounds "9"]
[EventCountry "ESP"]
[EventCategory "14"]
[SourceTitle "CBM 048"]
[Source "ChessBase"]
[SourceDate "1995.10.01"]
[SourceVersion "1"]
[SourceVersionDate "1995.10.01"]
[SourceQuality "1"]

1. d4 d5 2. Bg5 Nf6 3. e3 Ne4 4. Bf4 (4. h4 c5 5. Nd2 Nxg5 6. hxg5 Nc6 7. c3 e5
8. dxe5 Qxg5 9. Ndf3 Qd8 10. Nh3 Bg4 11. Nf4 Be7 12. Qxd5 Qb6 13. Bc4 $16 {
Rogers,J-Hermannsson,T/London Lloyds/1988/1-0 (19)}) (4. Bh4 c5 5. Nd2 (5. f3
Nf6 6. c3 Nc6 7. dxc5 a5 8. Bb5 e6 9. Bxc6+ bxc6 10. b4 e5 11. Ne2 Be7 12. O-O
O-O 13. Re1 Be6 14. Nd2 axb4 15. cxb4 Ra3 $132 {Meszaros,An-Lengyel,B/Budapest
Utasellato IM-B (01)/1990/0-1 (45)}) 5... Nxd2 6. Qxd2 cxd4 7. exd4 Nc6 8. Nf3
g6 9. Bb5 Bg7 10. O-O O-O 11. Rfe1 Re8 {Andersen,I-Arkell,K/Cappelle op (6)/
1992/0-1 (38)}) 4... Bf5 5. f3 Nf6 6. g4 Bg6 7. h4 h6 (7... h5 8. g5 Nfd7 9.
Bh3 $14) 8. Bd3 Bxd3 9. Qxd3 c6 10. Nc3 Na6 (10... Qb6 11. O-O-O) 11. Nge2 e6 (
11... Nb4 12. Qd2 e6 13. a3) 12. O-O-O Qa5 13. Kb1 O-O-O {The position is
roughly equal, as no side has palpable weaknesses.} (13... Nb4 14. Qd2 O-O-O
15. a3) 14. g5 hxg5 15. hxg5 Rxh1 16. Rxh1 Ne8 17. Rh8 Qb4 (17... Be7 18. g6
$14) 18. a3 Qe7 19. e4 Nd6 (19... dxe4 20. fxe4 $14) 20. g6 fxg6 21. exd5 exd5
22. Qxg6 Nf7 (22... Qf6 $2 23. Qxf6 gxf6 24. Rxf8 Rxf8 25. Bxd6 $16) 23. Rh5 {
[%cal Rh5f5] Adams have squazed out some advantage, opponents pieces occupy
modest squares.} Nc7 24. Bh2 Qf6 25. Qg4+ Qe6 26. Qg3 Qd6 (26... Bd6 27. Qxg7
$16) 27. Qg2 Qf6 28. Nf4 Bd6 29. Qg4+ Rd7 (29... Kb8 30. Rf5 $16) 30. Rh7 g5
31. Nh5 Qe6 32. Rxf7 $1 Qxg4 (32... Rxf7 33. Bxd6 $18) 33. fxg4 Bxh2 34. Rf5
Ne6 35. Ne2 Re7 36. c3 $14 Ng7 $6 37. Rxg5 $3 Nxh5 (37... Rxe2 38. Rxg7 $16)
38. gxh5 Rxe2 39. h6 Be5 (39... Re7 40. Rg7 Kd7 41. Rxe7+ Kxe7 42. h7 $18) 40.
dxe5 Rh2 41. Rg8+ Kd7 42. Rh8 (42. Rh8 c5 43. h7 Kc7 44. e6 $18) 1-0

[Event "Terrassa"]
[Site "Terrassa"]
[Date "1990.??.??"]
[Round "8"]
[White "Georgiev, Kiril"]
[Black "Cramling, Pia"]
[Result "1-0"]
[WhiteElo "2605"]
[BlackElo "2470"]
[Annotator "Ftacnik,L"]
[PlyCount "77"]
[EventDate "1990.04.??"]
[EventType "tourn"]
[EventRounds "11"]
[EventCountry "ESP"]
[EventCategory "11"]
[SourceTitle "CBM 019"]
[Source "ChessBase"]
[SourceDate "1990.12.01"]
[SourceVersion "1"]
[SourceVersionDate "1990.12.01"]
[SourceQuality "1"]

1. d4 Nf6 2. Bg5 Ne4 3. Bf4 c5 4. f3 Qa5+ 5. c3 Nf6 6. d5 g6 (6... Qb6 $5 7.
Qd2) 7. e4 Bg7 8. Na3 O-O $6 (8... d6) 9. Nc4 Qd8 10. d6 $1 e6 11. a4 Nc6 12.
Bg5 Qe8 (12... h6 13. Bh4 g5 14. Bf2 Nh5 15. h4 $1) 13. Qd2 b6 14. Nh3 Ba6 15.
Rd1 Qc8 16. Nf2 Bxc4 17. Bxc4 Na5 18. Qe2 Nxc4 $6 (18... a6 19. e5 Ne8 20. Be7
Nxc4 21. Qxc4 Bxe5 22. Ne4 Qc6 $132) 19. Qxc4 Qc6 20. O-O Rfc8 (20... h6 $5 21.
Bh4 (21. Bxf6 Bxf6 22. f4 Bg7 23. e5 f6 24. exf6 Rxf6 25. Ne4 Rf5) 21... Rfc8)
21. Rfe1 a6 22. e5 Ne8 23. Ng4 b5 24. Qf4 Qb6 (24... bxa4 25. Bf6 Bf8 (25...
Nxf6 26. exf6 Bh8 27. Qh6 Rcb8 28. Re5 Rxb2 29. Rh5 gxh5 30. Qg5+ Kf8 31. Nh6
Bxf6 32. Qxf6 $18) 26. Nh6+ Bxh6 27. Qxh6 c4 28. Re4 Qc5+ 29. Rdd4 Rab8 30.
Qxh7+ Kxh7 31. Rh4+) 25. Bh6 Qd8 26. Re4 $1 f5 $8 (26... bxa4 27. Bxg7 Kxg7 28.
Qh6+ Kg8 29. Rf4 Rab8 30. Rxf7 $1 Kxf7 31. Qxh7+ Ng7 32. Nh6+ Kf8 33. Qg8#) 27.
exf6 Nxf6 $6 (27... Bxf6 28. h4 {/\ Bg5+/-}) 28. Bxg7 Nxg4 (28... Kxg7 29. Qe5
h5 30. Rf4 hxg4 31. fxg4 $18) 29. fxg4 Kxg7 30. Rf1 c4 (30... Qe8 31. Qe5+ Kg8
32. Ref4 bxa4 33. h4 $1 Rab8 34. h5 gxh5 35. gxh5 $18) 31. a5 Qxa5 32. Qf7+ Kh8
33. Qxd7 Rf8 34. Qe7 Qb6+ (34... Rxf1+ 35. Kxf1 Qa1+ 36. Re1 Qxb2 37. d7 $18)
35. Rd4 Rfe8 36. Qf6+ Kg8 37. d7 Red8 38. Qf7+ Kh8 39. Qe7 {Ftacnik,L} 1-0

[Event "ARG-World"]
[Site "Buenos Aires"]
[Date "1994.??.??"]
[Round "9"]
[White "Conquest, Stuart"]
[Black "Panno, Oscar"]
[Result "1-0"]
[WhiteElo "2495"]
[BlackElo "2520"]
[Annotator "Ftacnik,L"]
[PlyCount "71"]
[EventDate "1994.04.??"]
[EventType "schev"]
[EventRounds "10"]
[EventCountry "ARG"]
[SourceTitle "CBM 042"]
[Source "ChessBase"]
[SourceDate "1994.10.01"]
[SourceVersion "1"]
[SourceVersionDate "1994.10.01"]
[SourceQuality "1"]

1. d4 Nf6 2. Bg5 c5 3. Bxf6 gxf6 4. d5 Qb6 5. Qc1 f5 6. g3 Bg7 7. c3 d6 8. Nd2
O-O 9. Nh3 Nd7 10. Nc4 Qa6 11. Qf4 Nf6 12. Bg2 Ne4 13. Ne3 e6 14. Rd1 Qxa2 15.
Bxe4 fxe4 16. Ng5 Qxb2 17. O-O Qxe2 18. Qh4 h6 19. Nxe4 f5 20. Nxd6 f4 21. Ng4
Kh7 22. Rfe1 Qf3 23. Nxc8 Raxc8 24. dxe6 Rce8 25. Rd7 Qxc3 26. Kg2 (26. Qxh6+
Kg8 $17 {x Re1, Qh6}) 26... fxg3 (26... f3+ 27. Kh3 Rh8 28. Re5 Kg8 29. Rxg7+
Kxg7 30. Qf6+ Kg8 31. Qf7#) 27. hxg3 Kg8 28. Re3 Qc2 29. Red3 Rxe6 30. Qh5 Qc4
31. Kh2 b5 32. f4 Qc1 33. Rxg7+ Kxg7 34. Rd7+ Kh8 35. Nxh6 Re2+ $2 36. Qxe2 1-0

[Event "Dresden op 08th"]
[Site "Dresden"]
[Date "1999.07.18"]
[Round "4"]
[White "Gerstner, Wolfgang"]
[Black "Gipslis, Aivars P"]
[Result "0-1"]
[WhiteElo "2400"]
[BlackElo "2463"]
[Annotator "Gipslis,A"]
[PlyCount "48"]
[EventDate "1999.07.15"]
[EventType "swiss"]
[EventRounds "9"]
[EventCountry "GER"]
[SourceTitle "EXT 2000"]
[Source "ChessBase"]
[SourceDate "1999.11.16"]
[SourceVersion "1"]
[SourceVersionDate "1999.11.16"]
[SourceQuality "1"]

1. d4 Nf6 2. Bg5 Ne4 3. Bf4 c5 4. f3 Qa5+ 5. c3 Nf6 6. Nd2 cxd4 7. Nb3 Qb6 8.
Qxd4 Nc6 9. Qxb6 axb6 10. e4 (10. Nd4 e5 (10... Ra5 11. e4 e5 12. Nxc6 dxc6 13.
Be3 b5 14. c4 Be6 15. cxb5 Rxa2 16. Rxa2 Bxa2 17. Ne2 Nd7 18. Nc3 Bb3 19. Be2
Bc5 $13 {Szymanski - Kazhgaleyev,Koszalin 1999}) (10... Nxd4 11. cxd4 d5 12. e3
Bd7 13. Bd3 {Engvist -Sandstrem, Stockholm 1999 - 13. ...Lc6! =} (13. g4 b5 14.
Ne2 b4 15. Nc1 e6 16. Bd3 Bc6 17. Nb3 Be7 18. Ke2 O-O 19. Nc1 Ra7 $17 {Fink -
Winer, Philadelphia 1999}) 13... e6 14. Ne2 Be7 15. Kd2 O-O 16. Rhc1 Bc6 17.
Nc3 Rfc8 $11 {Lputjan - Solozhenkin,Reggio Emilia 1999}) 11. Nxc6 exf4 12. Nd4
g6 (12... Nd5 13. g3 g5 14. e4 Ne3 15. Bb5 Bg7 16. Nge2 Kf8 $13 {Soffer -
Mikhalevski, Tel Aviv 1994}) (12... d5 13. e3 fxe3 14. Ke2 Bd6 15. Kxe3 O-O 16.
Kf2 Bd7 17. Bd3 Bc6 18. Nge2 Nd7 19. a3 Ne5 20. Rad1 $14 {Rogers - Ftacnik,
Znojmo 1999}) 13. Nh3 Bd6 14. Nb5 Be5 15. e3 fxe3 16. Ke2 O-O 17. Kxe3 Re8 18.
Kd2 d5 19. Ng1 Bd7 20. Bd3 d4 $132 {Miles - H.Olafson, Reikjavika 1998}) (10.
a3 d5 11. Bc7 (11. Nd4 e5 12. Nxc6 exf4 13. Nd4 Bd6 14. Kf2 O-O 15. e3 fxe3+
16. Kxe3 Nd7 17. Bb5 Ne5 18. Kd2 Nc4+ 19. Kc1 g6 20. Nge2 h5 $11 {T. Giorgadze
- Dorfmans, Taskenta 1984}) (11. e3 e5 12. Bg3 Be6 13. Nc1 Bc5 14. Nd3 Bxe3 15.
Nxe5 O-O 16. Ne2 Rfe8 17. Nxc6 bxc6 18. Bf4 Bc5 $15 {Jepson - Sandstrom,
Haninge 1997}) 11... e5 12. Bxb6 d4 13. cxd4 Be6 14. d5 (14. Nc5 Nd5 15. Nxe6
fxe6 16. Bc5 Nxd4 17. Bxd4 exd4 $17 {Kovacevics - Smirin, Zagraba 1993}) 14...
Nxd5 15. Bc5 Be7 16. Kf2 f5 17. Bxe7 Kxe7 18. Nc5 f4 $16 {Lesiege - Shaked Tal,
Bermuda 1997}) (10. Be3 d5 (10... Na5 11. Nd2 b5 12. Bg5 $6 Nc4 13. b3 Na3 14.
O-O-O Nd5 15. Kb2 h6 16. e4 Nxc3 $17 {Ibanez - Martinez,Palencia  1999}) (10...
b5 11. Bd2 e6 12. a3 d5 13. e3 Na7 14. Nh3 e5 15. Nf2 Bd6 16. Nd3 O-O $11 {
Neuillet - Relange,France 1999}) 11. Bxb6 e5 12. e4 Be6 $1 13. Bb5 Nd7 14. Bf2
dxe4 $1 15. Nd2 exf3 16. Ngxf3 Be7 17. a4 (17. O-O O-O 18. a4 Rfd8 19. b4 Rac8
$132 {Dishman - Simons, Anglija 1999}) 17... O-O 18. O-O f5 19. Nc4 e4 20. Nd4
Nxd4 21. Bxd4 Nc5 $11 {Garcia R. - Rohl, Elista (ol) 1998}) 10... d5 11. Bc7 (
11. Be3 dxe4 $1 12. Bxb6 e5 13. Bb5 Nd5 14. Bc5 Bxc5 15. Nxc5 exf3 16. Nxf3 f6
17. O-O Ke7 18. Rae1 Kd6 $11 {Sutherland - Chapman, Suncoast 1999}) (11. exd5
Nxd5 12. Bd2 e5 13. a3 (13. Bc4 Be6 14. Kf2 O-O-O 15. Ne2 Be7 16. Rhd1 f5 17.
Ng3 h5 $15 {Jugelt - Ankerst, Germany 1999}) 13... Be6 14. c4 Nf6 15. Rc1 Be7
16. Ne2 O-O 17. Be3 Nd7 18. Nc3 Nc5 $132 {Landenburgue - Mittelman, Biel 1998})
(11. Bb5 dxe4 12. fxe4 Nxe4 13. Nf3 Bd7 14. O-O-O f6 (14... Nf6 15. Rhe1 Rxa2
16. Bc7 g6 17. Ne5 Ra8 $13 {Brumen - Sale, Pula 1996})) (11. e5 Nd7 12. Bb5 Nc5
13. Nxc5 bxc5 14. Be3 e6 15. f4 Bd7 16. Be2 Be7 17. Nf3 O-O 18. O-O f6 19. a3
fxe5 20. Nxe5 Nxe5 21. fxe5 Ra4 $11 {Muller - Dekic, Budapesta 1995}) (11. Bd3
e5 12. Bg5 Be6 13. Nd2 Nd7 14. exd5 Bxd5 15. a3 (15. Bc4 Bxc4 16. Nxc4 b5 17.
Ne3 f6 18. Bh4 Nc5 19. Nd5 Kf7 $17 {Ochoa - Dorfmans, Nujorka 1989}) 15... f6
16. Be3 Bc5 17. Bxc5 Nxc5 18. Bc2 O-O-O 19. O-O-O Be6 $15 {Beikerts - Dorfmans,
Francija 1996}) 11... e5 $6 (11... dxe4 $142) 12. Bb5 Be6 13. Bxe5 dxe4 14. Nd4
Bd7 15. Bxf6 gxf6 16. fxe4 Rg8 $1 17. Kf2 Nxd4 18. Bxd7+ Kxd7 19. cxd4 Rg4 20.
Kf3 (20. Nf3 $5) 20... f5 $1 21. exf5 (21. Ne2) 21... Rxd4 22. Ne2 Rd3+ $1 23.
Ke4 Rd2 24. Rhd1 $4 Re8+ {0:29 - 0:15} 0-1